|
|
|
|
| LEADER |
01967cas a2200241 a 4500 |
| 001 |
AALejournalIMF014262 |
| 008 |
230101c9999 xx r poo 0 0eng d |
| 020 |
|
|
|c 5.00 USD
|
| 020 |
|
|
|z 9781484322505
|
| 022 |
|
|
|a 1934-7685
|
| 040 |
|
|
|a BD-DhAAL
|c BD-DhAAL
|
| 110 |
2 |
|
|a International Monetary Fund.
|b African Dept.
|
| 245 |
1 |
0 |
|a Guinea :
|b Third Review Under the Three-Year Arrangement Under the Extended Credit Facility, and Financing Assurances Review-Staff Report and Press Release.
|
| 264 |
|
1 |
|a Washington, D.C. :
|b International Monetary Fund,
|c 2014.
|
| 300 |
|
|
|a 1 online resource (77 pages)
|
| 490 |
1 |
|
|a IMF Staff Country Reports
|
| 500 |
|
|
|a <strong>Off-Campus Access:</strong> No User ID or Password Required
|
| 500 |
|
|
|a <strong>On-Campus Access:</strong> No User ID or Password Required
|
| 506 |
|
|
|a Electronic access restricted to authorized BRAC University faculty, staff and students
|
| 520 |
3 |
|
|a This paper discusses Guinea's Third Review under the Three-Year Arrangement under the Extended Credit Facility (ECF) and Financing Assurances Review. The macroeconomic environment in Guinea in 2013 was difficult, reflecting the fragile sociopolitical situation and a sharp slowdown in mining sector projects. As a result, growth is estimated to have slowed to 2.5 percent, sharply below the projected 4.5 percent. Inflation continued to fall and at the end of 2013 was 10.5 percent year over year. International reserves were maintained at a satisfactory level, and the exchange rate remained broadly stable. Performance under the ECF-supported program remains satisfactory. The IMF staff supports the completion of the third review under the ECF arrangement and completion of the financing assurances review.
|
| 538 |
|
|
|a Mode of access: Internet
|
| 830 |
|
0 |
|a IMF Staff Country Reports; Country Report ;
|v No. 2014/063
|
| 856 |
4 |
0 |
|z Full text available on IMF
|u http://elibrary.imf.org/view/journals/002/2014/063/002.2014.issue-063-en.xml
|z IMF e-Library
|